Os últimos dias de Hitler (Record no. 1972)

MARC details
000 -Etiqueta do registo
Valores 00788nam a2200277 4500
010 ## - Número ISBN
ISBN 9789897028779
021 ## - Número do Depósito Legal
Código do país Portugal
Número 505618/22
100 ## - Dados gerais de processamento
Dados gerais 20251118d2022 m||y0pory50030103ba
101 ## - Língua de publicação
Língua Português
102 ## - País de publicação
País Portugal
200 ## - Titulo e menção de responsabilidade
Título próprio Os últimos dias de Hitler
Primeira menção de responsabilidade Hugh Trevor-Roper
Outras menções de responsabilidade trad. Nuno Carvalho
205 ## - Menção da edição
Edição 1ª edição
210 ## - Publicação
Local de publicação Lisboa
Nome do editor Guerra & Paz
Data de publicação 2022
215 ## - Descrição física 
Paginação / Volumes 325, [3] p.
Dimensões 24 cm
225 ## - Colecção 
Título próprio da colecção Os livros que não se rendem
300 ## - Notas gerais 
Texto da nota BMB-Registado
304 ## - Nota relativa ao título
Texto de nota Tít. orig.: The last days of Hitler
606 ## - Nome comum usado como assunto
ID Autoridade 2832
Palavra de ordem História da Alemanha
606 ## - Nome comum usado como assunto
ID Autoridade 2833
Palavra de ordem Hitler
675 ## - CDU
Notação 94(430)
Edição BMB
Língua por
700 ## - Autor principal (pessoa individual)
Apelido Trevor-Roper
Nome H. R.
Datas 1914-2003
ID Autoridade 2834
702 ## - Autor secundário (pessoa individual)
ID Autoridade 2088
Apelido Carvalho
Nome Nuno
Função Tradutor
801 ## - Fonte de origem
País PT
Agência BMB
Regras de catalogação RPC
990 ## - Elementos KOHA
Tipo de documento Livro
Holdings
Situação do levantamento Estado Número Biblioteca de origem Código de barras Cota Permissão de empréstimo Tipo de documento Forma de aquisição
    1 Biblioteca Municipal de Borba 1921 94(930)   Livro Oferta
Biblioteca Municipal de Borba

Powered by Koha